Life of Pi (Record no. 18101)
[ view plain ]
| 000 -LEADER | |
|---|---|
| fixed length control field | 01574cgm a22003737a 4500 |
| 005 - DATE AND TIME OF LATEST TRANSACTION | |
| control field | 20140311120418.0 |
| 007 - PHYSICAL DESCRIPTION FIXED FIELD--GENERAL INFORMATION | |
| fixed length control field | vd cgaizm |
| 008 - FIXED-LENGTH DATA ELEMENTS--GENERAL INFORMATION | |
| fixed length control field | 140311t2013 xxu121 e |||| 0| vceng d |
| 020 ## - INTERNATIONAL STANDARD BOOK NUMBER | |
| International Standard Book Number | 5039036059657 |
| 082 04 - DEWEY DECIMAL CLASSIFICATION NUMBER | |
| Edition number | 22 |
| Classification number | 791.4372 |
| Item number | LIF |
| 245 00 - TITLE STATEMENT | |
| Title | Life of Pi |
| Medium | [videorecording] / |
| Statement of responsibility, etc | Fox 2000 Pictures ; a Haishang Films / Gil Netter production ; an Ang Lee film ; executive producer, Dean Georgaris ; produced by Gil Netter, Ang Lee, David Womark ; screenplay by David Magee ; directed by Ang Lee. |
| 260 ## - PUBLICATION, DISTRIBUTION, ETC. (IMPRINT) | |
| Place of publication, distribution, etc | [Los Angeles, United States] : |
| Name of publisher, distributor, etc | Twentieth Century Fox Home Entertainment LLC., |
| Date of publication, distribution, etc | c.2013. |
| 300 ## - PHYSICAL DESCRIPTION | |
| Extent | 1 videodisc (121 min.) : |
| Other physical details | sd., col. ; |
| Dimensions | 4 3/4 in. |
| 508 ## - CREATION/PRODUCTION CREDITS NOTE | |
| Creation/production credits note | Director of photography Claudio Miranda ; film editor Tim Squyres ; music by Mychael Danna. |
| 511 ## - PARTICIPANT OR PERFORMER NOTE | |
| Participant or performer note | Suraj Sharma, Irrfan Khan, Tabu. |
| 521 ## - TARGET AUDIENCE NOTE | |
| Target audience note | Fit for viewing generally but, a child under 12 years under parental guidance. |
| 650 #0 - SUBJECT ADDED ENTRY--TOPICAL TERM | |
| Topical term or geographic name as entry element | Human-animal relationships |
| Form subdivision | Drama |
| 9 (RLIN) | 35514 |
| 650 #0 - SUBJECT ADDED ENTRY--TOPICAL TERM | |
| Topical term or geographic name as entry element | Ocean travel |
| Form subdivision | Drama |
| 9 (RLIN) | 35515 |
| 653 ## - INDEX TERM--UNCONTROLLED | |
| -- | GGEN |
| -- | March2014 |
| 700 0# - ADDED ENTRY--PERSONAL NAME | |
| Personal name | Tabu, |
| Dates associated with a name | 1971- |
| 9 (RLIN) | 35516 |
| 700 1# - ADDED ENTRY--PERSONAL NAME | |
| Personal name | Khan, Irrfan, |
| 9 (RLIN) | 35517 |
| 700 1# - ADDED ENTRY--PERSONAL NAME | |
| Personal name | Sharma, Suraj, |
| 9 (RLIN) | 35518 |
| 700 1# - ADDED ENTRY--PERSONAL NAME | |
| Personal name | Danna, Mychael, |
| 9 (RLIN) | 35530 |
| 700 1# - ADDED ENTRY--PERSONAL NAME | |
| Personal name | Squyres, Tim, |
| 9 (RLIN) | 35521 |
| 700 1# - ADDED ENTRY--PERSONAL NAME | |
| Personal name | Miranda, Claudio, |
| 9 (RLIN) | 35522 |
| 700 1# - ADDED ENTRY--PERSONAL NAME | |
| Personal name | Lee, Ang, |
| 9 (RLIN) | 35523 |
| 700 1# - ADDED ENTRY--PERSONAL NAME | |
| Personal name | Magee, David, |
| 9 (RLIN) | 35524 |
| 700 1# - ADDED ENTRY--PERSONAL NAME | |
| Personal name | Womark, David |
| 9 (RLIN) | 35525 |
| 700 1# - ADDED ENTRY--PERSONAL NAME | |
| Personal name | Netter, Gil |
| 9 (RLIN) | 35526 |
| 700 1# - ADDED ENTRY--PERSONAL NAME | |
| Personal name | Georgaris, Dean |
| 9 (RLIN) | 35527 |
| 710 2# - ADDED ENTRY--CORPORATE NAME | |
| Corporate name or jurisdiction name as entry element | Fox 2000 Pictures |
| 9 (RLIN) | 35528 |
| 710 2# - ADDED ENTRY--CORPORATE NAME | |
| Corporate name or jurisdiction name as entry element | Haishang Films (Firm) |
| 9 (RLIN) | 35529 |
| 942 ## - ADDED ENTRY ELEMENTS (KOHA) | |
| Source of classification or shelving scheme | Dewey Decimal Classification |
| Item type | |
| Call number prefix | 791.4372 LIF |
| Withdrawn status | Lost status | Source of classification or shelving scheme | Damaged status | Not for loan | Koha collection | Home library | Current library | Shelving location | Date acquired | Source of acquisition | Cost, normal purchase price | Total Checkouts | Full call number | Barcode | Date last seen | Cost, replacement price | Koha item type |
|---|---|---|---|---|---|---|---|---|---|---|---|---|---|---|---|---|---|
| Dewey Decimal Classification | Baccah | Central Library | Central Library | Second Floor | 11/03/2014 | Purchase | 191.00 | 791.4372 LIF | 000035684 | 24/08/2022 | 238.75 | CD | DVD - Movie (NB) |